000 00875nam a2200217 i 4500
001 bg
245 0 0 _aAutomatyzacja produkcji. Problemy kształcenia i wdrażania.
260 _aWrocław :
_bWydaw. Politechniki Wrocławskiej,
_c1994.
300 _a230 s. :
_bfot., rys., wykr. ;
_c24 cm.
490 1 _aPrace Naukowe Instytutu Technologii Maszyn i Automatyzacji Politechniki Wrocławskiej. Konferencje,
_x0867-7778 ;
_v29
500 _aNumeracja ser. gł. : 53.
504 _aBibliogr. przy ref.
650 9 _aProdukcja
_xautomatyzacja
655 _aMateriały konferencyjne
830 0 _aPrace Naukowe Instytutu Technologii Maszyn i Automatyzacji Politechniki Wrocławskiej.
_pKonferencje ;
_v29
040 _cBPK
041 0 _apl
_bpl
080 _a658.5.011.54/.56::66/69:681.5:62-52:681.324:519.6](061.3)
942 _cKS
008 s pl f |000 0 pol
999 _c30295
_d30295
856 _uhttp://koha.tu.koszalin.pl/cgi-bin/koha/opac-detail.pl?biblionumber=30295
_yKatalog online BPK